000 00608nam a2200193Ii 4500
003 JO-AjNU
008 230605s9999||||xx |||||||||||||| ||und||
040 _aJO-AjNU
_bara
_erda
_cJO-AjNU
041 _aara
050 1 4 _aPJ6131.H352 1900
100 3 _aتأليف الحملاوي،أحمد,
_eauthor
_919092
245 0 0 _aكتاب شذا العرف في فن الصرف
264 3 1 _aد.م: دار الارقم، 1900
300 _a180ص
336 _atext
_btxt
_2rdacontent
337 _aunmediated
_bn
_2rdamedia
338 _avolume
_bnc
_2rdacarrier
650 4 _aاللغة العربية-صرف
_919093
999 _aA6229
_c9797
_d9797